[Event "CZE-ch Open 2019"]
[Site "Ostrava"]
[Date "2019.04.28"]
[Round "2.15"]
[White "Kraus, Tomas"]
[Black "Worek, Joanna"]
[Result "1-0"]
[WhiteElo "2456"]
[BlackElo "2299"]
[Annotator "TA"]
[PlyCount "61"]
[EventDate "2019.04.27"]
[EventType "swiss"]
[EventCountry "CZE"]
[SourceTitle "playchess.com"]
[Source "ChessBase"]
[SourceQuality "1"]

{[%evp 9,61,0,17,11,9,0,29,27,30,26,18,0,51,49,82,42,39,35,122,137,410,239,217,216,231,158,228,226,393,383,396,398,398,390,377,396,389,385,376,338,514,482,456,330,641,643,625,611,857,840,7061,6143,29993,29994]} 1. e4 c5 2. Nc3 Nc6 3. Bb5 Nd4 4. Bc4 e6 5. Nge2 a6 (5... Ne7 6. Nxd4 cxd4 7. Ne2 Nc6 8. O-O a6 9. d3 d5 10. exd5 exd5 11. Bb3 Bd6 12. Nf4 Bxf4 13. Bxf4 O-O 14. Qf3 Be6 15. Rfe1 {1-0 (58) Cornette,M (2611)-Lenic,L (2662) chess.com INT 2018}) 6. Nxd4 {B23: Closed Sicilian: Lines without g3} cxd4 7. Ne2 d5 8. exd5 {White has an edge.} exd5 9. Bb3 d3 10. Nf4 $146 ({Predecessor:} 10. cxd3 d4 11. O-O Nf6 12. Ng3 Bd6 13. Re1+ {0-1 (48) Gabrielsen,T (2280)-Rooze,J (2316) Budapest 2008}) 10... Nf6 (10... Bd6 $11 11. Nxd5 Nf6) 11. O-O Bf5 12. Re1+ Be7 13. Re5 Be4 ({Black should try} 13... Qd7 $14) 14. cxd3 $16 Qd6 $2 {[%mdl 8192] [#]} (14... Bg6 $16) 15. d4 (15. dxe4 $142 {Black must now prevent d4.} Qxe5 {[%mdl 64] Double Attack} 16. d4) 15... O-O $18 16. d3 Bg6 17. Qf3 (17. Nxd5 Nxd5 18. Rxd5 Qb6) 17... Rae8 (17... Qc7 $16 18. h4 (18. Nxd5 Nxd5 19. Rxd5 Rad8 $18) (18. Bxd5 Bd6 $14) 18... Bd6) 18. Bd2 ({Don't play} 18. Bxd5 $6 Nxd5 19. Nxd5 (19. Qxd5 Qxd5 20. Rxd5 Bg5 $14) (19. Rxd5 Qc6 $14) 19... Bd8 $16) (18. Nxd5 $6 Nxd5 19. Rxd5 Qf6) 18... Qb6 $2 (18... Qd7 {is a better defense.} 19. Nxd5 Nxd5) 19. Rae1 Bd6 20. Nxd5 Qd8 21. Nxf6+ gxf6 22. Rxe8 Rxe8 23. Rxe8+ Qxe8 24. Qxf6 Qe2 (24... Be7 $142 25. Qf4 Qd7) 25. Qd8+ Kg7 26. Bc3 Be7 $2 (26... Qe7 27. Qxe7 Bxe7) 27. d5+ Kh6 28. Qb6 Bg5 29. Qd4 Bxd3 30. h4 {[#] Qg7+! would kill now.} Bc1 31. g4 {Accuracy: White = 51%, Black = 21%.} 1-0

[Event "CZE-ch Open 2019"]
[Site "Ostrava"]
[Date "2019.04.28"]
[Round "2.16"]
[White "Pulpan, Jakub"]
[Black "Bures, Martin"]
[Result "1-0"]
[WhiteElo "2418"]
[BlackElo "2150"]
[Annotator "TA"]
[PlyCount "83"]
[EventDate "2019.04.27"]
[EventType "swiss"]
[EventCountry "CZE"]
[SourceTitle "playchess.com"]
[Source "ChessBase"]
[SourceQuality "1"]

{[%evp 21,103,30,74,104,70,0,62,57,66,60,65,44,58,32,104,95,103,97,96,96,97,99,101,96,100,75,85,80,80,68,73,71,94,86,93,72,102,58,67,71,135,127,122,128,130,121,150,144,159,166,166,166,166,167,384,369,486,486,902,888,867,830,1464,1422,1332,1238,1365,1061,2068,1660,29979,29977,29972,29973,29985,29986,29991,29992,29995,29996,29996,29997,29997,270]} 1. e4 c5 2. Nf3 Nf6 3. Nc3 e6 4. d4 cxd4 5. Nxd4 Nc6 6. Nxc6 bxc6 7. e5 Nd5 8. Ne4 Qc7 9. f4 Qb6 10. c4 Bb4+ 11. Ke2 Ba6 12. Kf3 {B45: Sicilian Four Knights} f5 13. Nf2 (13. exf6 $14 Nxf6 14. c5 $1 {[%mdl 512]}) 13... Nc7 (13... Ne7 $11) 14. Be3 $14 {White is slightly better.} Bc5 15. Bxc5 Qxc5 16. Qd6 Qb6 17. Be2 $146 ({Predecessor:} 17. b3 c5 18. Rd1 Bb7+ 19. Kg3 O-O-O {0-1 (41) Nikolovski,N (2395)-Lagarde,M (2616) Skopje 2018}) 17... c5 (17... h6 $14) 18. Rhd1 $16 Qxd6 19. Rxd6 Ke7 20. Rad1 Rhd8 21. Ke3 Rab8 22. b3 Bb7 23. R6d2 Ne8 24. Nd3 Rbc8 25. Bf3 (25. g3 {keeps more tension.} d6 26. Nb2 Bc6 27. h4 g6 28. h5) 25... Bxf3 26. Kxf3 g6 27. h3 $36 {[%mdl 2048] Keeping Black busy.} d5 28. cxd5 exd5 29. Rc2 c4 30. Nb4 cxb3 (30... Rc5 $142) 31. Rxc8 {[%mdl 64] Overworked Piece} Rxc8 32. Nxd5+ {[%mdl 4096] Endgame KRN-KRN} Ke6 {Strongly threatening ...b2.} 33. axb3 {[%cal Ba2b3,Bb3b4][%mdl 32]} Rc5 34. Ne3 Rc3 {[#]} 35. b4 $1 Nc7 36. Rd6+ Ke7 37. g4 fxg4+ $2 (37... Ne6 38. Ra6 (38. gxf5 gxf5 39. Ke2 Nxf4+ 40. Kd2 Rc7 $18) 38... Rb3) 38. hxg4 $18 Rb3 39. f5 Rxb4 (39... Nb5 $142) 40. f6+ Ke8 41. e6 Rb8 42. Rc6 {Played: Rd6-d7} 1-0

[Event "CZE-ch Open 2019"]
[Site "Ostrava"]
[Date "2019.04.28"]
[Round "2.17"]
[White "Miesbauer, Jan"]
[Black "Horak, Jan"]
[Result "1-0"]
[WhiteElo "2402"]
[BlackElo "2158"]
[Annotator "TA"]
[PlyCount "82"]
[EventDate "2019.04.27"]
[EventType "swiss"]
[EventCountry "CZE"]
[SourceTitle "playchess.com"]
[Source "ChessBase"]
[SourceQuality "1"]

{[%evp 11,82,16,21,6,2,0,3,5,13,8,8,8,41,25,37,41,37,33,39,25,25,23,27,18,31,34,46,47,54,54,77,70,93,73,98,98,108,97,106,109,122,114,163,157,359,358,418,420,369,243,511,511,520,520,507,511,529,499,535,517,529,441,439,436,420,403,531,522,1206,1205,29974,29976,5097]} 1. c4 e6 2. Nc3 Nf6 3. e4 d5 4. cxd5 exd5 5. e5 d4 6. exf6 dxc3 7. bxc3 {A18: English Opening: Flohr-Mikenas System (1 c4 Nf6 2 Nc3 e6 3 e4)} (7. Bb5+ c6 8. Qe2+ Be6 9. Bc4 Qxf6 10. dxc3 Be7 11. Bxe6 Qxe6 12. Qxe6 fxe6 13. Nf3 Nd7 14. O-O Bf6 15. Be3 Kf7 16. Nd2 Rhd8 17. Ne4 Nb6 {1-0 (80) Sjugirov,S (2673)-Shevchenko,K (2453) Moscow 2017}) 7... Qxf6 8. Nf3 Bd6 9. d4 {The position is equal.} h6 10. Bd3 $146 ({Predecessor:} 10. Be2 O-O 11. O-O b6 12. a4 a5 13. Ba3 Bxa3 14. Rxa3 Qd6 {1-0 (80) Ilic,S (2109)-Cvetkovski,S (1890) Skopje 2013}) 10... O-O 11. O-O Bg4 12. Rb1 Bxf3 13. Qxf3 Qxf3 14. gxf3 b6 15. Be4 c6 16. f4 $36 {[%mdl 2048] Black is under pressure.} Rc8 17. a4 Nd7 18. c4 Rab8 19. Kg2 Nf8 20. Be3 c5 {[#] Hoping for ...cxd4.} 21. d5 Re8 22. Bd3 Ng6 23. Kf3 Nh4+ {[#]} 24. Kg4 $1 {[%cal Rg4h4]} Ng6 25. Rg1 a6 26. Bd2 b5 27. cxb5 {[%cal Bc4b5,Bb5a6,Ba6a7][%mdl 32]} c4 $2 (27... axb5 $16 {keeps fighting.} 28. Rxb5 (28. axb5 Ne7 $16) 28... Ne7) 28. Bxg6 $1 $18 (28. Bxc4 Re4 $16) 28... fxg6 29. bxa6 Ra8 30. Rgc1 Re4 $2 (30... Re2) 31. Kf3 Rd4 32. Be3 Rxd5 33. a7 Rf5 34. Rb5 Rff8 35. Rxc4 g5 36. Rd5 Bxf4 37. Rd7 ({Not} 37. Rxf4 gxf4 38. Bc5 Rfc8 $16) ({Less strong is} 37. Bxf4 Rxa7 38. a5 gxf4 $16) 37... Bxh2+ 38. Ke4 Rfe8+ 39. Kd5 Be5 40. Re4 Bh2 41. Rxe8+ Rxe8 {Accuracy: White = 79%, Black = 25%.} 1-0

[Event "CZE-ch Open 2019"]
[Site "Ostrava"]
[Date "2019.04.28"]
[Round "2.18"]
[White "Vokac, Marek"]
[Black "Didi, Jan"]
[Result "1/2-1/2"]
[WhiteElo "2343"]
[BlackElo "2025"]
[Annotator "TA"]
[PlyCount "55"]
[EventDate "2019.04.27"]
[EventType "swiss"]
[EventCountry "CZE"]
[SourceTitle "playchess.com"]
[Source "ChessBase"]
[SourceQuality "1"]

{[%evp 21,55,22,12,0,0,0,9,0,0,0,-2,-10,-12,-19,0,-55,-29,-41,0,0,0,0,0,0,0,0,0,0,0,0,0,0,0,0,0,0]} 1. d4 d5 2. c4 e6 3. Nc3 Nf6 4. Bg5 Be7 5. e3 O-O 6. Nf3 h6 7. Bh4 Ne4 8. Bxe7 Qxe7 9. Rc1 Nxc3 10. Rxc3 c6 11. Bd3 Nd7 12. Qc2 {D56: Queen's Gambit Declined: Lasker Defence} dxc4 13. Bxc4 e5 14. dxe5 Nxe5 15. Nxe5 Qxe5 16. f4 {[#]} Qf6 $146 ({Predecessor:} 16... Qe7 17. O-O Be6 18. Qe4 Rfe8 19. Bxe6 Qxe6 20. Qxe6 Rxe6 {0-1 (78) Van Wely,L (2681)-Azmaiparashvili,Z (2672) chessassistantclub.com INT 2004}) 17. O-O Bf5 18. Qb3 (18. e4 $11 Qd4+ {[%mdl 64] Double Attack} 19. Qf2 Qxf2+ 20. Kxf2 Bxe4 21. Re1) 18... Be4 19. Bd3 Qe7 (19... Bd5 {is interesting.} 20. Qc2 Rfe8 21. a3 Rad8 22. Re1 Re7) 20. Bxe4 {The position is equal.} Qxe4 21. Qxb7 Rab8 22. Qxc6 Qxc6 23. Rxc6 {aiming for Rf2.} Rxb2 $11 {KRR-KRR} 24. Rf2 Rb1+ $1 25. Rf1 Rb2 26. Rf2 Rb1+ $1 27. Rf1 Rb2 28. Rf2 1/2-1/2

[Event "CZE-ch Open 2019"]
[Site "Ostrava"]
[Date "2019.04.28"]
[Round "2.19"]
[White "Svanda, Ondrej"]
[Black "Vanek, Tomas"]
[Result "1-0"]
[WhiteElo "2309"]
[BlackElo "2095"]
[Annotator "NA"]
[PlyCount "59"]
[EventDate "2019.04.27"]
[EventType "swiss"]
[EventCountry "CZE"]
[SourceTitle "playchess.com"]
[Source "ChessBase"]
[SourceQuality "1"]
[TimeControl "40/5400+30:1800+30"]

1. e4 {[%emt 0:00:00]} c5 {[%emt 0:00:00]} 2. Nf3 {[%emt 0:00:00]} Nc6 {[%emt 0:00:00]} 3. Nc3 {[%emt 0:00:00]} Nf6 {[%emt 0:00:14]} 4. Bb5 {[%emt 0:00:00]} Qc7 {[%emt 0:01:02]} 5. d3 {[%emt 0:00:00]} Nd4 {[%emt 0:02:20]} 6. O-O {[%emt 0:07:20]} a6 {[%emt 0:12:38]} 7. Bc4 {[%emt 0:03:32]} d6 {[%emt 0:08:56]} 8. h3 {[%emt 0:14:13]} h6 {[%emt 0:12:40]} 9. Be3 {[%emt 0:06:51]} e5 {[%emt 0:00:45]} 10. Nd5 {[%emt 0:02:09]} Nxd5 {[%emt 0:00:27]} 11. Bxd5 {[%emt 0:00:06]} Nc6 {[%emt 0:07:23]} 12. c3 {[%emt 0:04:57]} Ne7 {[%emt 0:08:00]} 13. Bb3 {[%emt 0:02:43]} Bd7 {[%emt 0:06:12]} 14. d4 {[%emt 0:11:22]} c4 {[%emt 0:00:50]} 15. Bc2 {[%emt 0:00:52]} O-O-O {[%emt 0:04:02]} 16. Qe2 {[%emt 0:10:31]} f5 {[%emt 0:03:19]} 17. exf5 {[%emt 0:01:11]} e4 {[%emt 0:04:41]} 18. Bxe4 {[%emt 0:02:36]} d5 {[%emt 0:00:12]} 19. Bc2 {[%emt 0:00:25]} Nxf5 {[%emt 0:05:35]} 20. Ne5 {[%emt 0:01:12]} Nh4 {[%emt 0:00:19]} 21. Nf7 {[%emt 0:07:57]} Bd6 {[%emt 0:00:13]} 22. Qh5 {[%emt 0:06:46]} Be7 {[%emt 0:01:12]} 23. Nxh8 {[%emt 0:01:39]} Rxh8 {[%emt 0:00:24]} 24. Rae1 {[%emt 0:03:54]} g5 {[%emt 0:02:25]} 25. f4 {[%emt 0:03:45]} Qd8 {[%emt 0:02:27]} 26. Bf2 {[%emt 0:01:53]} Rg8 {[%emt 0:02:56]} 27. Bxh4 {[%emt 0:01:24]} gxh4 {[%emt 0:00:15]} 28. Bf5 {[%emt 0:01:05]} Kb8 {[%emt 0:01:23]} 29. Bxd7 {[%emt 0:01:17]} Qxd7 {[%emt 0:00:06]} 30. Qf7 {[%emt 0:01:05]} 1-0

[Event "CZE-ch Open 2019"]
[Site "Ostrava"]
[Date "2019.04.28"]
[Round "2.20"]
[White "Malinovsky, Petr"]
[Black "Kanakova, Natalie"]
[Result "1-0"]
[WhiteElo "2003"]
[BlackElo "2202"]
[Annotator "TA"]
[PlyCount "189"]
[EventDate "2019.04.27"]
[EventType "swiss"]
[EventCountry "CZE"]
[SourceTitle "playchess.com"]
[Source "ChessBase"]
[SourceQuality "1"]

{[%evp 22,189,-12,-18,-17,-28,1,4,7,0,6,-14,3,0,0,0,28,-32,-34,-83,-85,-72,-70,-74,-19,-32,-18,-33,-45,-55,-40,-80,-51,-47,-48,-68,-6,-61,352,340,481,500,490,466,447,364,319,229,214,220,222,215,260,266,377,376,354,233,354,373,393,377,370,362,480,493,480,446,513,481,604,588,635,569,551,523,635,514,556,542,472,285,278,278,278,276,411,395,321,130,130,130,130,130,130,130,130,130,130,130,130,130,143,130,130,130,130,130,12850,12848,12850,130,29947,29955,29954,29953,29948,29960,29968,29969,29970,29971,29971,29972,29972,29973,29975,29973,29973,29972,29972,29970,29970,29970,29972,29970,29970,29971,29974,29975,29978,29979,29979,29980,29980,29972,29973,29974,29977,29978,29978,29977,29977,29977,29977,29976,29976,29976,29977,29978,29978,29979,29979,29980,29984,29985,29987,29988,29988,29989]} 1. d4 Nf6 2. c4 e6 3. Nc3 Bb4 4. e3 O-O 5. Nge2 d5 6. a3 Bd6 7. Ng3 c5 8. Bd3 cxd4 9. exd4 dxc4 10. Bxc4 Nc6 11. Be3 b6 12. O-O Bb7 {E48: Nimzo-Indian: Rubinstein: 5 Bd3 d5 including 6 Ne2, but excluding 6 a3} 13. Ba2 (13. Qd2 Ne7 14. Bg5 Ned5 15. Nxd5 exd5 16. Ba2 h6 17. Be3 Ng4 18. Bb1 g6 19. h3 Nxe3 20. Qxe3 {½-½ (66) Kleiser,G (2323)-Beckhuis,G (2350) Austria 2008}) 13... h6 $146 ({Predecessor:} 13... Re8 14. Rc1 Qd7 15. Nge4 Nxe4 16. Nxe4 Ne7 17. Qg4 Bxe4 18. Qxe4 Nd5 19. Bg5 h6 20. Bd2 Qb5 {0-1 (20) Semin,G-Balabin,A RCCA email 2001}) 14. d5 exd5 {The position is equal.} 15. Nxd5 Be5 16. Rb1 Na5 {[%cal Rb7d5]} 17. Nxf6+ Qxf6 18. b4 Rad8 19. Qa4 (19. Qh5 $11 Qc6 20. f3 Bxg3 21. hxg3) 19... Nc6 $36 {[%mdl 2048] White is under pressure.} 20. Rbd1 Nd4 21. f4 Bb8 22. b5 {[%cal Re3d4]} Nf5 (22... Ne6 $17 23. Rde1 Rfe8) 23. Nxf5 $11 Qxf5 24. Bb1 $1 {[%cal Rb1f5]} Qe6 25. Bd4 Rc8 26. Qb4 Rfd8 {And now ...Qg4! would win.} 27. Qb2 Qg4 28. h3 Qh5 (28... Qg3 $15 29. Rd3 Qh4) 29. Rd3 (29. Rde1 $11 Qd5 30. Rf2 Qxd4 31. Re8+ Rxe8 32. Qxd4) 29... f6 $2 {[%mdl 8192]} (29... Qh4 $1 $15 {keeps the upper hand.}) 30. Rg3 $18 {[#] Black must now prevent Bxf6.} Rxd4 (30... Kf7 {was worth a try.} 31. Rg4 Rxd4 32. Qxd4 Qxb5 33. Ba2+ Kf8) 31. Qxd4 Qc5 32. Qxc5 bxc5 33. Rd3 Be4 34. Rdd1 Bxb1 35. Rxb1 {[%mdl 4096] Endgame KRR-KRB} c4 36. Rbc1 Bd6 37. Rf3 Bc5+ (37... Kf7 $142 38. Rfc3 Rb8 39. Rxc4 Rxb5) 38. Kf1 Bd4 39. Ke2 f5 (39... Kf7 {is a better defense.} 40. f5 Be5) 40. Kd1 Bf6 41. Re3 Kf7 42. Kc2 Bd4 43. Re2 Rc7 44. Rd1 Bf6 45. a4 {[%cal Ba3a4,Ba4a5][%mdl 32]} c3 46. a5 Rb7 47. Rb1 Bd4 48. Rb4 Bf6 49. Rb3 Bd8 50. b6 axb6 51. axb6 Rxb6 52. Rxb6 ({Don't play} 52. Rxc3 Bf6 $18) 52... Bxb6 53. Kxc3 {KR-KB} Bc7 (53... h5 $142 54. Kd3 Bc7) 54. g3 g5 55. Kd4 (55. Rb2 $18 {is more deadly. Rb7 is the strong threat.} Kf6 56. Rb7 Ba5+ 57. Kd4) 55... gxf4 $16 56. gxf4 Bxf4 57. Rf2 Bg5 58. Rxf5+ Kg6 59. Ke4 Kh5 60. Kf3 Kh4 61. Kg2 Bc1 62. Rc5 Ba3 63. Rc4+ Kg5 64. Ra4 Bc1 $2 {[%mdl 8192]} (64... Bb2 $16 65. Kg3 Be5+ 66. Kf3 Bc3) 65. Kg3 $18 Bd2 66. Rd4 $2 (66. Rg4+ $18 {and White stays clearly on top.} Kh5 67. h4) 66... Be3 $2 {[%mdl 8192] [#]} (66... Be1+ $16 67. Kf3 h5 68. Rd5+ Kh4) 67. Rd5+ {White mates.} Kg6 68. Kg4 Bc1 69. Rd6+ Kf7 70. Kf5 Ke7 71. Rc6 Bg5 72. Rc7+ Kf8 73. Kg6 Bd2 74. Rf7+ Ke8 75. Rf2 Bg5 76. Kg7 Ke7 77. Re2+ Kd7 78. Kf7 Kd6 79. Kg6 Kd7 80. Re4 Kd6 81. h4 Bc1 82. Re1 Bf4 83. h5 Bg5 84. Rg1 Be3 85. Rd1+ Kc7 86. Kh7 Bf4 87. Rd4 Bg5 88. Rd5 Kc6 89. Rd1 Kc7 90. Kg7 Kc6 91. Rg1 Be3 92. Rg6+ Kd7 93. Rxh6 Bxh6+ 94. Kxh6 Ke7 95. Kg7 {Accuracy: White = 60%, Black = 40%.} 1-0

[Event "CZE-ch Open 2019"]
[Site "Ostrava"]
[Date "2019.04.28"]
[Round "2.21"]
[White "Blatny, Pavel"]
[Black "Bulockin, Martin"]
[Result "1-0"]
[WhiteElo "2326"]
[BlackElo "2199"]
[Annotator "NA"]
[PlyCount "89"]
[EventDate "2019.04.27"]
[EventType "swiss"]
[EventCountry "CZE"]
[SourceTitle "playchess.com"]
[Source "ChessBase"]
[SourceQuality "1"]
[TimeControl "40/5400+30:1800+30"]

1. e3 {[%emt 0:08:22]} d5 {[%emt 0:01:25]} 2. f4 {[%emt 0:00:20]} g6 {[%emt 0:02:07]} 3. d4 {[%emt 0:00:31]} Bg7 {[%emt 0:00:57]} 4. Bd3 Nh6 {[%emt 0:01:06]} 5. Nf3 {[%emt 0:00:41]} Bf5 {[%emt 0:02:04]} (5... O-O 6. O-O c5 7. c3 Qc7 8. h3 Nf5 9. Re1 Nd6 10. b3 Bf5 11. Ba3 Nd7 12. Ne5 b6 13. dxc5 Nxc5 14. Bxf5 Nxf5 15. Bxc5 bxc5 16. Qxd5 {0-1 (48) Gouw,C (2579)-Stalmach,K (2547) ICCF email 2008}) 6. Qe2 {A03: Bird's Opening with 1...d5} Nd7 $146 {[%emt 0:02:30]} ({Predecessor:} 6... O-O 7. Nbd2 c5 8. dxc5 Nd7 9. Bxf5 Nxf5 10. g4 Nh6 11. Ng5 e5 12. O-O Nxc5 13. Nb3 Nxb3 14. axb3 {0-1 (28) Bezulenko,E (1928)-Toivonen,A (2292) St Petersburg 2011}) 7. h3 {[%emt 0:00:46]} Bxd3 {[%emt 0:05:26]} 8. Qxd3 {[%emt 0:02:26]} c6 {[%emt 0:03:38]} 9. g4 {[%emt 0:02:39]} e6 {[%emt 0:04:35]} 10. c4 {[%emt 0:00:46]} Qe7 {[%emt 0:03:41]} 11. Nc3 {[%emt 0:00:26]} f6 {[%emt 0:01:39]} 12. Bd2 {[%emt 0:00:36]} dxc4 {[%emt 0:05:45]} 13. Qxc4 {[%emt 0:00:16]} e5 {[%emt 0:01:28]} 14. dxe5 {[%emt 0:20:37]} fxe5 {[%emt 0:00:21]} 15. O-O-O {[%emt 0:00:48]} O-O-O {[%emt 0:07:59]} 16. Ne4 {[%emt 0:06:14]} Nb6 {[%emt 0:04:35]} 17. Qc2 {[%emt 0:01:03]} Nf7 {[%emt 0:06:50]} 18. Kb1 {[%emt 0:02:29]} Rd5 {[%emt 0:05:33]} 19. f5 {[%emt 0:05:10]} Rhd8 {[%emt 0:06:16]} 20. Rhf1 {[%emt 0:05:37]} gxf5 {[%emt 0:04:48]} 21. gxf5 {[%emt 0:02:22]} Bh6 {[%emt 0:00:49]} 22. a3 {[%emt 0:00:30]} R8d7 {[%emt 0:11:01]} 23. Rg1 {[%emt 0:03:57]} c5 {[%emt 0:03:39]} 24. Rc1 {[%emt 0:08:44]} Rc7 {[%emt 0:02:13]} 25. Nc3 {[%emt 0:04:49]} Rd8 {[%emt 0:03:54]} 26. Nb5 {[%emt 0:00:09]} Rcd7 {[%emt 0:01:25]} 27. Ba5 {[%emt 0:13:28]} Qf6 {[%emt 0:04:46]} 28. Bxb6 {[%emt 0:05:31]} Qxb6 {[%emt 0:00:40]} 29. Qxc5+ {[%emt 0:00:09]} Qxc5 {[%emt 0:00:41]} 30. Rxc5+ {[%emt 0:00:01]} Kb8 {[%emt 0:00:00]} 31. Nxe5 {[%emt 0:00:20]} Re7 {[%emt 0:01:55]} 32. Nxf7 {[%emt 0:00:26]} Rxf7 {[%emt 0:00:01]} 33. Re5 {[%emt 0:03:03]} Bg7 {[%emt 0:01:25]} 34. Rc5 {[%emt 0:02:19]} Bf8 {[%emt 0:00:09]} 35. Rg8 {[%emt 0:00:45]} a6 {[%emt 0:00:37]} 36. Nd4 {[%emt 0:00:35]} Rfd7 {[%emt 0:01:01]} 37. Re5 {[%emt 0:00:23]} Bg7 {[%emt 0:00:45]} 38. Ree8 {[%emt 0:00:24]} Rxe8 {[%emt 0:00:08]} 39. Rxe8+ {[%emt 0:00:01]} Ka7 {[%emt 0:00:36]} 40. Ne6 {[%emt 0:00:17]} Bf6 {[%emt 0:00:24]} 41. Rf8 {[%emt 0:30:37]} Be5 {[%emt 0:03:14]} 42. Rd8 {[%emt 0:00:00]} Rxd8 $18 {[%emt 0:01:03]} 43. Nxd8 {[%emt 0:00:00]} Kb8 {[%emt 0:01:07]} 44. Ne6 {[%emt 0:00:00]} b6 {[%emt 0:01:01]} 45. Nf8 {[%emt 0:00:00]} 1-0

[Event "CZE-ch Open 2019"]
[Site "Ostrava"]
[Date "2019.04.28"]
[Round "2.22"]
[White "Bartos, Jan"]
[Black "Malik, Jan"]
[Result "0-1"]
[WhiteElo "2178"]
[BlackElo "2286"]
[Annotator "NA"]
[PlyCount "80"]
[EventDate "2019.04.27"]
[EventType "swiss"]
[EventCountry "CZE"]
[SourceTitle "playchess.com"]
[Source "ChessBase"]
[SourceQuality "1"]
[TimeControl "40/5400+30:1800+30"]

1. c4 {[%emt 0:00:00]} c6 {[%emt 0:00:01]} 2. Nc3 {[%emt 0:00:00]} d5 {[%emt 0:00:08]} 3. e3 {[%emt 0:00:01]} Nf6 {[%emt 0:00:17]} 4. Nf3 {[%emt 0:00:08]} e6 {[%emt 0:00:20]} 5. d4 {[%emt 0:00:12]} Nbd7 {[%emt 0:00:15]} 6. Bd3 {[%emt 0:00:12]} dxc4 {[%emt 0:00:15]} 7. Bxc4 {[%emt 0:00:04]} b5 {[%emt 0:00:06]} 8. Be2 {[%emt 0:00:06]} Bb7 {[%emt 0:00:15]} 9. O-O {[%emt 0:00:12]} a6 {[%emt 0:00:21]} 10. e4 {[%emt 0:00:18]} c5 {[%emt 0:00:11]} 11. d5 {[%emt 0:00:10] D47: Semi-Slav: Meran System} exd5 {[%emt 0:00:14]} 12. e5 {[%emt 0:00:33]} Ne4 {[%emt 0:00:24]} 13. Nxd5 {[%emt 0:00:14]} Nb6 {[%emt 0:00:20]} 14. Nxb6 {[%emt 0:01:06]} Qxb6 {[%emt 0:00:04] [#]} 15. a4 $146 {[%emt 0:38:03]} ({Predecessor:} 15. Be3 Be7 16. a4 Qc6 17. e6 Nd6 18. axb5 axb5 19. Rxa8+ Bxa8 {0-1 (28) Aleksandrov,A (2615)-Bukavshin,I (2657) Khanty-Mansiysk 2015}) 15... c4 {[%emt 0:07:48]} 16. Be3 {[%emt 0:03:45]} Bc5 {[%emt 0:03:58]} 17. Bxc5 {[%emt 0:00:41]} Nxc5 {[%emt 0:03:28]} 18. axb5 {[%emt 0:01:12]} Rd8 {[%emt 0:02:49]} 19. Qc2 {[%emt 0:13:53]} axb5 {[%emt 0:00:05]} 20. Rfd1 {[%emt 0:02:00]} O-O {[%emt 0:01:51]} 21. Rxd8 {[%emt 0:16:46]} Rxd8 $19 {[%emt 0:00:51]} 22. Rd1 {[%emt 0:00:07]} Be4 {[%emt 0:07:47]} 23. Rxd8+ {[%emt 0:04:04]} Qxd8 {[%emt 0:00:02]} 24. Qc3 {[%emt 0:01:03]} Bxf3 {[%emt 0:02:57]} 25. Bxf3 {[%emt 0:08:33]} Qd3 {[%emt 0:00:33]} 26. Qe1 {[%emt 0:00:14]} Qc2 {[%emt 0:02:50]} 27. Qa1 {[%emt 0:07:54]} Qa4 {[%emt 0:03:56]} 28. Qb1 {[%emt 0:01:22]} Nd3 {[%emt 0:02:40]} 29. Be4 {[%emt 0:01:00]} Qb3 {[%emt 0:02:03]} 30. h3 {[%emt 0:00:32]} g6 {[%emt 0:02:01]} 31. Bxd3 {[%emt 0:00:32]} cxd3 {[%emt 0:00:07]} 32. Qc1 {[%emt 0:00:29]} Qd5 {[%emt 0:03:56]} 33. Qd2 {[%emt 0:00:30]} Qxe5 {[%emt 0:00:15]} 34. Qxd3 {[%emt 0:00:25]} Qxb2 {[%emt 0:00:10]} 35. g3 {[%emt 0:00:25]} b4 {[%emt 0:00:09]} 36. f4 {[%emt 0:00:35]} Qc3 {[%emt 0:00:13]} 37. Qd8+ {[%emt 0:00:27]} Kg7 {[%emt 0:00:06]} 38. Kf2 {[%emt 0:00:21]} b3 {[%emt 0:00:13]} 39. g4 {[%emt 0:00:28]} b2 {[%emt 0:00:49]} 40. Qd1 {[%emt 0:00:13]} Qb4 {[%emt 0:00:37]} 0-1